00375pab a2200145 454500008004000000100002000040245005300060260000900113300001300122362000800135650001000143650002200153650002000175773003400195180718b1998 xxu||||| |||| 00| 0 eng d aLingam, Lakshmi aLocating women in migration studies: an overview c1998 ap.715-27 aJul aWomen aMigrant education aMigrant workers aIndian Journal of Social Work